[Event "Staatsliga A 1998/99"]
[Site "Graz"]
[Date "1999.01.17"]
[Round "8.2"]
[White "Moser, Guenter"]
[Black "Vogt, Lothar"]
[Result "1/2-1/2"]
[WhiteElo "2355"]
[BlackElo "2485"]
[PlyCount "97"]
[EventDate "1998.11.13"]

1. d4 d6 2. Nf3 g6 3. g3 Bg7 4. Bg2 Nf6 5. O-O O-O 6. b3 c5 7. Bb2 cxd4 8. Nxd4
d5 9. Na3 Nbd7 10. Nf3 Nb6 11. Rc1 Be6 12. Ng5 Bg4 13. h3 Bd7 14. c4 Bc6 15. c5
Nbd7 16. b4 a6 17. Qb3 e5 18. e4 d4 19. Nc4 h6 20. Nxf7 Rxf7 21. Nd6 Qe7 22. f4
Ne8 23. fxe5 Nxe5 24. Nxf7 Nxf7 25. e5 Nc7 26. Bxd4 Rd8 27. Ba1 Bxg2 28. Kxg2
Rd2+ 29. Kg1 Ne6 30. Rcd1 Rxd1 31. Qxd1 Qg5 32. Qf3 Nxe5 33. Bxe5 Qxe5 34. Kg2
Nd8 35. Qd3 Qe8 36. Rf2 Kh7 37. Kh2 Nc6 38. a3 Nd4 39. Rf4 Qe5 40. Qe4 Qc7 41.
Kg2 Be5 42. Rf8 Ne6 43. Ra8 Nd4 44. Qd5 Qg7 45. Rd8 Nf5 46. Qe6 Bf6 47. Rd7 Be7
48. h4 h5 49. Qe2 1/2-1/2

[Event "Staatsliga A 1998/99"]
[Site "Graz"]
[Date "1999.01.17"]
[Round "8.3"]
[White "Lehner, Oliver"]
[Black "Grundherr, Martin"]
[Result "1/2-1/2"]
[WhiteElo "2415"]
[BlackElo "2335"]
[PlyCount "131"]
[EventDate "1998.11.13"]

1. d4 d5 2. c4 e6 3. Nc3 Be7 4. cxd5 exd5 5. Bf4 Nf6 6. Qc2 O-O 7. e3 c5 8.
dxc5 Bxc5 9. Nf3 Nc6 10. Be2 Be6 11. O-O h6 12. Rad1 Qe7 13. Na4 Bd6 14. Bxd6
Qxd6 15. Qc5 Qxc5 16. Nxc5 Bg4 17. h3 Bh5 18. Rc1 b6 19. Nd3 Rac8 20. g4 Bg6
21. Nde5 Nxe5 22. Nxe5 Bc2 23. Nf3 a5 24. Ba6 Rc5 25. Nd4 Ba4 26. f3 Ra8 27.
Bd3 g6 28. Kf2 Rac8 29. Ne2 Bc2 30. Ba6 Ra8 31. Nc3 Rxa6 32. Rxc2 b5 33. Rd2
Rac6 34. Rfd1 b4 35. Ne2 Rc7 36. h4 g5 37. hxg5 hxg5 38. Nd4 a4 39. Ke2 Nd7 40.
Nf5 Nb6 41. b3 Rc2 42. Nd4 R2c5 43. Rh1 Rc1 44. Rxc1 Rxc1 45. Rd1 Rc7 46. Kd2
axb3 47. axb3 Ra7 48. Rc1 Nd7 49. Nc6 Ra3 50. Kc2 Ra2+ 51. Kb1 Rd2 52. Nxb4 Ne5
53. Rf1 Nd3 54. Nc2 Kf8 55. f4 gxf4 56. exf4 Ke7 57. g5 Rg2 58. b4 Kd6 59. b5
Kc5 60. Rf3 Rxc2 61. Rxd3 Rc4 62. Rf3 Kxb5 63. Kb2 Kc5 64. Rc3 Kd4 65. Rxc4+
dxc4 66. f5 1/2-1/2

[Event "Staatsliga A 1998/99"]
[Site "Graz"]
[Date "1999.01.17"]
[Round "8.4"]
[White "Koenig, Dietrich"]
[Black "Videki, Sandor"]
[Result "1/2-1/2"]
[WhiteElo "2315"]
[BlackElo "2430"]
[PlyCount "100"]
[EventDate "1998.11.13"]

1. d4 d5 2. Bf4 Nf6 3. e3 c5 4. c3 Nc6 5. Nd2 e6 6. Ngf3 Bd6 7. Bg3 Qe7 8. Bd3
e5 9. dxe5 Nxe5 10. Nxe5 Bxe5 11. Qa4+ Bd7 12. Bb5 Bxg3 13. Bxd7+ Qxd7 14.
Qxd7+ Kxd7 15. hxg3 Rhe8 16. Rd1 Rad8 17. Nf3 Kc7 18. Ke2 h6 19. Rh4 Rd6 20.
Rd2 Ne4 21. Rc2 f5 22. Rh5 g5 23. Nd2 f4 24. gxf4 gxf4 25. Nxe4 Rxe4 26. c4
fxe3 27. fxe3 d4 28. Rxc5+ Kb6 29. Rd5 Rxe3+ 30. Kf2 Rxd5 31. cxd5 Re5 32. Kf3
Rxd5 33. Ke4 Rd6 34. Rd2 Kc5 35. Rc2+ Kb5 36. Rd2 Kc5 37. Rc2+ Kb5 38. Rd2 Ra6
39. Kxd4 Rxa2 40. Kc3 Ra6 41. Rd7 Rc6+ 42. Kb3 Kb6 43. Rg7 Re6 44. g4 a5 45. g5
hxg5 46. Rxg5 Ka6 47. Ka3 Re3+ 48. b3 Re2 49. b4 Re3+ 50. Ka4 axb4 1/2-1/2

[Event "Staatsliga A 1998/99"]
[Site "Graz"]
[Date "1999.01.17"]
[Round "8.5"]
[White "Neumeier, Klaus"]
[Black "Neuschmied, Siegfried"]
[Result "0-1"]
[WhiteElo "2270"]
[BlackElo "2200"]
[PlyCount "98"]
[EventDate "1998.11.13"]

1. e4 d6 2. d4 Nf6 3. Nc3 g6 4. Bc4 Bg7 5. Qe2 Nc6 6. e5 Ng4 7. Bb5 O-O 8. Bxc6
bxc6 9. h3 Nh6 10. Nf3 Be6 11. Bg5 Kh8 12. O-O-O Qd7 13. Rhe1 Rae8 14. g4 f6
15. exf6 exf6 16. Be3 f5 17. g5 Ng8 18. Qd2 f4 19. Bxf4 Qf7 20. Ne2 Bc4 21.
Nfg1 Bxe2 22. Nxe2 Qxa2 23. c3 Ne7 24. Qc2 Nd5 25. Bg3 Rb8 26. Rd2 Rb3 27. Kd1
Qa1+ 28. Qc1 Qa5 29. Rc2 Nb6 30. Nf4 Qxg5 31. Qe3 Nc4 32. Qe2 Qb5 33. Nd3 Bh6
34. Bh4 a5 35. Qe7 Qf5 36. Qe4 Qf3+ 37. Qe2 a4 38. Bg3 a3 39. Qxf3 Rxf3 40. Ke2
Rxd3 41. Kxd3 Nxb2+ 42. Ke2 Kg7 43. c4 Nd3 44. Ra1 Nb4 45. Rd2 Bxd2 46. Kxd2 a2
47. Kc1 Rc3+ 48. Kb2 Rxc4 49. Rd1 Rxd4 0-1